Развиваем мелкую моторику (Запись № 4509802)
[ простой вид ]
| 000 -МАРКЕР | |
|---|---|
| контрольное поле | 01207nam0a2200289 4500 |
| 001 - ИДЕНТИФИКАТОР ЗАПИСИ | |
| контрольное поле | RU\NLR\bibl\2034575 |
| 005 - ИДЕНТИФИКАТОР ВЕРСИИ | |
| контрольное поле | 20250616215715.0 |
| 010 ## - МЕЖДУНАРОДНЫЙ СТАНДАРТНЫЙ НОМЕР КНИГИ (ISBN) | |
| Номер (ISBN) | 978-5-699-62741-7 |
| Тираж | 3000 |
| 021 ## - НОМЕР ГОСУДАРСТВЕННОЙ РЕГИСТРАЦИИ | |
| Код страны | Российская Федерация |
| Номер | 2013-29336 |
| Номер Листа государственной регистраци | 157д/13 |
| 035 ## - ДРУГИЕ СИСТЕМНЫЕ НОМЕРА | |
| Идентификатор записи | (NLR Aleph) 002022159 |
| 100 ## - ДАННЫЕ ОБЩЕЙ ОБРАБОТКИ | |
| Данные общей обработки | 20131026d2013 |||y0rusy50 ca |
| 101 0# - ЯЗЫК РЕСУРСА | |
| Язык текста, звукозаписи и т.д. | русский |
| 102 ## - СТРАНА ПУБЛИКАЦИИ ИЛИ ПРОИЗВОДСТВА | |
| Страна публикации | Российская Федерация |
| 105 ## - ПОЛЕ КОДИРОВАННЫХ ДАННЫХ: ТЕКСТОВЫЕ МАТЕРИАЛЫ, МОНОГРАФИЧЕСКИЕ | |
| Кодированные данные о монографическом текстовом документе | a ||||||||| |
| 200 1# - ЗАГЛАВИЕ И СВЕДЕНИЯ ОБ ОТВЕТСТВЕННОСТИ | |
| Основное заглавие | Развиваем мелкую моторику |
| Сведения, относящиеся к заглавию | [развитие интеллекта, речевых навыков, памяти, внимания, восприятия, пластики у детей 3-6 лет] |
| Первые сведения об ответственности | Т.А. Ткаченко |
| Последующие сведения об ответственности | рис. Евгении Нитылкиной |
| 210 ## - ПУБЛИКАЦИЯ, РАСПРОСТРАНЕНИЕ И ДР. | |
| Место издания, распространения и т.д. | Москва |
| Имя издателя, распространителя и т. д. | Эксмо |
| Дата издания, распространения и т.д. | 2013 |
| 215 ## - ФИЗИЧЕСКАЯ ХАРАКТЕРИСТИКА | |
| Специфическое обозначение материала и объем | 79 с. |
| Другие сведения о физической характеристике | ил., цв. ил. |
| Размеры | 22 |
| 225 1# - СЕРИЯ | |
| Основное заглавие серии | Академия дошкольного развития |
| 606 1# - НАИМЕНОВАНИЕ ТЕМЫ КАК ПРЕДМЕТ | |
| Наименование темы | Дошкольники |
| Тематический подзаголовок | Развитие мелкой моторики |
| Системный номер авторитетной/нормативной записи | 2421320 |
| Идентификатор авторитетной/нормативной записи | RU\NLR\AUTH\661441934 |
| 686 1# - ИНДЕКСЫ ДРУГИХ КЛАССИФИКАЦИЙ | |
| Индекс | Ч411.354 |
| 700 #1 - ИМЯ ЛИЦА - ПЕРВИЧНАЯ ОТВЕТСТВЕННОСТЬ | |
| Начальный элемент ввода | Ткаченко |
| Часть имени, кроме начального элемента ввода | Т.А. |
| Расширение инициалов личного имени | Татьяна Александровна |
| Код отношения | Автор |
| 801 #0 - ИСТОЧНИК ЗАПИСИ | |
| Страна | Российская Федерация |
| Организация | NLR |
| Дата составления | 20130518 |
| Правила каталогизации | RCR |
| 801 #1 - ИСТОЧНИК ЗАПИСИ | |
| Страна | Российская Федерация |
| Организация | NLR |
| Дата составления | 20130518 |
| 942 ## - ДОПОЛНИТЕЛЬНЫЕ ЭЛЕМЕНТЫ ЗАПИСИ (АБИС) | |
| Тип экземпляра АБИС | Книга |
| 980 ## - КОЛЛЕКЦИЯ | |
| Название коллекции | Национальная библиография |
| Тип экземпляра | Дата поступления | Источник поступления | Библиотека постоянного хранения | Библиотека текущего хранения | Место хранения | Шифр хранения | Штрих-код | Статус экземпляра | Стоимость |
|---|---|---|---|---|---|---|---|---|---|
| Книга | 18.05.2013 | Обязательный экземпляр | РНБ (Московский) | РНБ (Московский) | Русский книжный фонд: издания с 1957 года | 2013-6/495 | 1-48736 | ||
| Книга | 18.05.2013 | Обязательный экземпляр | РНБ (Московский) | РНБ (Московский) | Обменный фонд | 3886981 | |||
| Книга | 22.07.2014 | Обязательный экземпляр | РНБ (Московский) | РНБ (Московский) | Обменный фонд | 1-606909 | 85.00 | ||
| Книга | 22.07.2014 | Обязательный экземпляр | РНБ (Московский) | РНБ (Московский) | Обменный фонд | 1-606910 | 85.00 |